Normal view
MARC view
Entry Topical Term
001 - CONTROL NUMBER
- control field: 245263
003 - CONTROL NUMBER IDENTIFIER
- control field: OSt
005 - DATE AND TIME OF LATEST TRANSACTION
- control field: 20251112162856.0
008 - FIXED-LENGTH DATA ELEMENTS
- fixed length control field: 251112|| aca||aabn | a|a d
040 ## - CATALOGING SOURCE
- Original cataloging agency: OSt
- Transcribing agency: OSt
150 ## - HEADING--TOPICAL TERM
- Topical term or geographic name entry element: adhyayana
670 ## - SOURCE DATA FOUND
- Source citation: Work cat.: (OSt)122030: UDUPA (K S N) ಉಡುಪ (ಕೆ ಎಸ್ ಎನ್) 245259, Mudramanjusha: ondu samagra adhyayana, 2012